[Event "GER Cup Net V3 U2400"]
[Site "Playchess.com INT"]
[Date "2020.05.27"]
[Round "1"]
[White "Roelle, Philipp"]
[Black "Lantzsch, Christian"]
[Result "0-1"]
[WhiteElo "1867"]
[BlackElo "2071"]
[PlyCount "54"]
[EventDate "2020.05.27"]
[EventType "swiss (blitz)"]
[EventRounds "9"]
[EventCountry "GER"]
[SourceTitle "EXT 2021"]
[Source "ChessBase"]
[SourceDate "2020.10.23"]
[SourceVersion "1"]
[SourceVersionDate "2020.10.23"]
[SourceQuality "1"]

1. Nf3 d6 2. d4 f5 3. g3 Nf6 4. Bg2 g6 5. 0-0 Bg7 6. c4 0-0 7. Nc3 c6 8. Rb1 Ne4 9. Qb3 a5 10. Na4 Nd7 11. Rd1 h6 12. Ne1 Kh7 13. f3 Nef6 14. e4 fxe4 15. fxe4 e5 16. d5 b5 17. cxb5 cxb5 18. Qxb5 Ba6 19. Qc6 Qe7 20. Qc2 Rac8 21. Nc3 Nc5 22. Qd2 Ng4 23. Nf3 Nd3 24. Rf1 Qa7+ 25. Kh1 Ngf2+ 26. Rxf2 Nxf2+ 27. Kg1 Nxe4+ 0-1

[Event "GER Cup Net V2 U2400"]
[Site "Playchess.com INT"]
[Date "2020.05.22"]
[Round "5"]
[White "Lantzsch, Christian"]
[Black "Koelle, Tobias"]
[Result "0-1"]
[WhiteElo "2119"]
[BlackElo "1987"]
[PlyCount "70"]
[EventDate "2020.05.22"]
[EventType "swiss (blitz)"]
[EventRounds "9"]
[EventCountry "GER"]
[SourceTitle "EXT 2021"]
[Source "ChessBase"]
[SourceDate "2020.10.23"]
[SourceVersion "1"]
[SourceVersionDate "2020.10.23"]
[SourceQuality "1"]

1. e4 c5 2. b3 Nc6 3. Bb2 d6 4. Nf3 Nf6 5. Nc3 Bg4 6. Bb5 a6 7. Bxc6+ bxc6 8. h3 Bh5 9. d3 e5 10. g4 Bg6 11. Ne2 Be7 12. Ng3 h5 13. g5 Nh7 14. h4 Qd7 15. Nd2 Nf8 16. f4 exf4 17. Ne2 Ne6 18. Nf3 f6 19. gxf6 Bxf6 20. Bxf6 gxf6 21. Qd2 f5 22. Rg1 fxe4 23. Rxg6 exf3 24. Nxf4 Nxf4 25. Qxf4 0-0-0 26. Kf2 Rhf8 27. Qc4 Kb7 28. Re1 Rf7 29. Ree6 Re8 30. Rxe8 Qxe8 31. Re6 Qf8 32. Qe4 Qg7 33. Rg6 Qc3 34. d4 Qd2+ 35. Kg3 Qg2# 0-1

[Event "GER-ch Net Amateur Gr-A Vor3"]
[Site "Playchess.com INT"]
[Date "2020.04.16"]
[Round "7"]
[White "Lantzsch, Christian"]
[Black "Hansch, Karsten"]
[Result "0-1"]
[WhiteElo "2026"]
[BlackElo "2177"]
[PlyCount "94"]
[EventDate "2020.04.16"]
[EventType "swiss (blitz)"]
[EventRounds "9"]
[EventCountry "GER"]
[SourceTitle "CBM 195 Extra"]
[Source "ChessBase"]
[SourceDate "2020.05.31"]
[SourceVersion "1"]
[SourceVersionDate "2020.05.31"]
[SourceQuality "1"]

1. e3 Nf6 2. d4 g6 3. Nf3 Bg7 4. c4 0-0 5. Nc3 d6 6. Be2 Nbd7 7. 0-0 e5 8. b3 Re8 9. Bb2 e4 10. Nd2 Nf8 11. Re1 h5 12. f3 exf3 13. Bxf3 Bg4 14. e4 Bxf3 15. Nxf3 Ne6 16. Qc2 c5 17. Rad1 cxd4 18. Nxd4 Nxd4 19. Rxd4 Qb6 20. Na4 Qc6 21. Rd3 Rxe4 22. Rde3 Rae8 23. Rxe4 Rxe4 24. Rxe4 Qxe4 25. Qxe4 Nxe4 26. Ba3 Be5 27. h3 Kg7 28. Kf1 Kf6 29. Ke2 Kf5 30. Kd3 h4 31. b4 Nf2+ 32. Ke2 Ne4 33. Kd3 Nf6 34. b5 Nh5 35. Ke3 Nf4 36. Kf3 Nd3 37. b6 axb6 38. Nxb6 Bg3 39. Nc8 Ke6 40. Ke4 Ne1 41. Nb6 Nxg2 42. Nd5 f5+ 43. Kf3 Ne1+ 44. Ke3 Nc2+ 45. Kd3 Nxa3 46. Kc3 f4 47. Kb3 Nb5 0-1

[Event "GER-ch Net Amateur Gr-A Vor2"]
[Site "Playchess.com INT"]
[Date "2020.04.15"]
[Round "8"]
[White "Lantzsch, Christian"]
[Black "Gorzinski, Dariusz"]
[Result "1-0"]
[WhiteElo "1934"]
[BlackElo "1650"]
[PlyCount "79"]
[EventDate "2020.04.15"]
[EventType "swiss (blitz)"]
[EventRounds "9"]
[EventCountry "GER"]
[SourceTitle "CBM 196 Extra"]
[Source "ChessBase"]
[SourceDate "2020.07.31"]
[SourceVersion "1"]
[SourceVersionDate "2020.07.31"]
[SourceQuality "1"]

1. d4 d5 2. Bg5 Nc6 3. e3 Bf5 4. Nf3 h6 5. Bh4 Nb4 6. Na3 a6 7. c3 Nc6 8. Bd3 Bg4 9. h3 Bxf3 10. Qxf3 Nf6 11. Bxf6 exf6 12. Nc2 g6 13. 0-0 f5 14. c4 Ne7 15. cxd5 Qxd5 16. e4 fxe4 17. Bxe4 Qb5 18. a4 Qb6 19. a5 Qb5 20. Bxb7 Rb8 21. Be4 Bg7 22. Bd3 Qxb2 23. Rae1 0-0 24. Rxe7 Rb3 25. Re3 Rc3 26. Qe2 Qa2 27. Nb4 Qxa5 28. Nd5 Qxd5 29. Bxa6 Ra3 30. Rxa3 Qxd4 31. Bd3 c5 32. Ra2 c4 33. Bxc4 Qc3 34. Bd3 Rd8 35. Rd1 Rxd3 36. Qxd3 Qf6 37. Qd8+ Qxd8 38. Rxd8+ Kh7 39. Rd7 h5 40. Raa7 1-0